Estudio fisiológico del jugo gástrico / (Record no. 162842)

MARC details
000 -LEADER
campo de control de longitud fija 00862nam a22001935i 4500
001 - NÚMERO DE CONTROL
campo de control 162842
003 - IDENTIFICADOR DE NÚMERO DE CONTROL
campo de control ES-MaACL
005 - FECHA Y HORA DE LA ÚLTIMA TRANSACCIÓN
campo de control 20230906212620.0
008 - DATOS DE LONGITUD FIJA--INFORMACIÓN GENERAL
campo de control de longitud fija 021009s1891 sp |||| | spa d
040 ## - FUENTE DE CATALOGACIÓN
Centro catalogador/agencia de origen CCPB | B
Lengua de catalogación spa
Centro/agencia transcriptor CCPB | B
100 1# - ENTRADA PRINCIPAL--NOMBRE DE PERSONA
Nombre de persona Quintana Trueba, Vicente de.
9 (RLIN) 131524
245 10 - MENCIÓN DEL TÍTULO
Título Estudio fisiológico del jugo gástrico /
Mención de responsabilidad, etc. por Vicente de Quintana Trueba.
260 ## - PUBLICACIÓN, DISTRIBUCIÓN, ETC.
Lugar de publicación, distribución, etc. Madrid :
Nombre del editor, distribuidor, etc. [s.n.],
Fecha de publicación, distribución, etc. 1891 (
Fabricante establecimiento tipográfico de Juan Cayetano García)
300 ## - DESCRIPCIÓN FÍSICA
Extensión 38 p. ;
Dimensiones 20 cm.
594 #1 - Nota al título y mención de responsabilidad
Nota al título y mención de responsabilidad Precede al tít.: "Tesis del doctorado"
650 #4 - PUNTO DE ACCESO ADICIONAL DE MATERIA--TÉRMINO DE MATERIA
Término de materia o nombre geográfico como elemento de entrada Jugo gástrico-
Subdivisión general Fisiología.
9 (RLIN) 148551
852 ## - LOCALIZACIÓN
Ubicación ES-MaACL
Número de control de estantería T-562-F-7
Nota libre -- Enc. hol., conservando la enc. original
-- -- Enc. en un vol. facticio
856 ## - LOCALIZACIÓN Y ACCESO ELECTRÓNICOS
Identificador Uniforme de Recursos <a href="http://bibliotecadigitalhispanica.bne.es:80/webclient/DeliveryManager?pid=1831443&custom_att_2=simple_viewer">http://bibliotecadigitalhispanica.bne.es:80/webclient/DeliveryManager?pid=1831443&custom_att_2=simple_viewer</a>
Nota pública Ir a la página
Holdings
Estatus retirado Estado de pérdida Estado de daño No para préstamo Colección Biblioteca de origen Biblioteca actual Ubicación en estantería Fecha de adquisición Total de préstamos Signatura topográfica completa Código de barras Visto por última vez Precio de reemplazo Tipo de ítem Koha
        Colección de folletos Biblioteca del Ateneo de Madrid Biblioteca del Ateneo de Madrid Depósito folletos 17/01/2008   T-562-F-7 1170614 23/02/2023 23/02/2023 Folleto